00365nam a2200121 a 4500001000500000005001700005008004100022050001700063100001900080245002900099999001900128952009600147414420140414132029.0090317s19uu xx 00 eng d aTRbR18 2001 aLeask, Jeffrey aMy Raps and rhymes book. c113585d113585 001040aMUbMUcTRd2009-03-17l0oTR R18 2001pM5177r2014-04-14 00:00:00w2014-04-14yBK